000 02299nam a2200325 i 4500
001 10575049
003 CaAEU
005 20250916092004.0
006 m o d |
007 cr cnu||||||||
008 200228s2020 nju o 001 0 eng d
020 _a9781119579595
_q(e-book)
020 _z9781119579571
035 _aon1135475807
039 _aexclude
040 _aMiAaPQ
_beng
_erda
_epn
_cMiAaPQ
_dMiAaPQ
_dAEU
041 _aEnglish
050 4 _aTK5105.884
_b. K468 2020
100 _aKent, Peter,
_eauthor.
_925894
245 1 0 _aSEO for dummies
_c/ by Peter Kent.
250 _aSeventh edition.
264 1 _aHoboken, New Jersey :
_bFor Dummies,
_c[2020]
264 4 _c©2020
300 _axviii, 486 pages
500 _aIncludes index.
520 _aPacked with tips, tricks, and secrets, SEO For Dummies shows you how to create and maintain a website that ranks at the top of search engines and drives high-volume traffic. Using plain-English explanations and easy-to-follow instructions, this friendly guide helps you come to grips with search engine basics―what they are, which ones are important, and how to get started―and build a search-engine-friendly site. SEO is an integral part of getting a site to rank in the various search engines in order to attract potential customers. In the new edition of this bestselling guide to search engine optimization, you'll learn the ins and outs and best practices of successful SEO in order to make your website content more search-engine friendly so that it ranks higher among searches and draws the masses. Covering the latest information on pay-per-click options, using social media to boost your profile, and managing your platform and reputation to positively impact your search engine rankings, this hands-on guide is the fun and friendly place to start learning how to move your site to the top of the rankings. Develop a search strategy and use local search capabilities Build sites that increase your search visibility. Analyze results with updated tracking tools. Maximize content marketing strategies. If you're asking yourself the essential question of "how do I get people to visit my site," you've come to the right place!
650 0 _aWeb search engines
_97488
653 _aSEO
942 _2lcc
999 _c4949
_d4949